1466 1761 1260 1146 1864 1661 1967 1119 1347 1330 1234 1420 1466 1264 1035 1156 1834 1046 1729 1595 1557 1653 1931 1766 1239 1232 1317 1151 1041 1062 1874 1580 1136 1803 1821 1457 1653 1902 1883 1862 1763 1596 1746 1864 1162 1865 1144 1745 1071 1145 1945 1270 1713 1181 1838 1718 1137 1680 1060 1671 1469 1259 1981 1894 1550 1944 1642 1092 1385 1951 1316 1824 1982 1337 1047 1264 1543 1130 1527 1575 1063 1572 1733 1060 1938 1341 1680 1708 1668 1704 1051 1232 1492 1117 1387 1095 1212 1156 1332 BCNSPRNW ULIB Ver.6.0+V

เปลี่ยนเป็นภาษาไทย

Change to English
 แสดงรายละเอียดบรรณานุกรม
  กลับหน้าหลัก

Brief Record : Get Marc (ISO 2709) : E-mail record : QR code < ปิดหน้าต่าง
LEADER : 00000nam 2200000uu 4500
001    13399128917
003     ULIB
008    241030s2024||||th 000 0 tha d
020    ^a9780323832069
060 04 ^aWB141.5^bD133A
100 1  ^aDains, Joyce E.
245 10 ^aAdvanced health assessment & clinical diagnosis in primarycare /^cJoyce E. Dains, Linda Ciofu Baumann, PamelaScheibel
246 3  ^aAdvanced health assessment and clinical diagnosis inprimary care
250    ^a7th ed.
260    ^aSt. Louis, Mo. :^bMosby,^c2024
300    ^axiv, 675 p. :^bill.
650  2 ^aDiagnosis, Differential
650  2 ^aDiagnostic Techniques and Procedures
650  2 ^aPrimary Health Care
700 1  ^aBaumann, Linda Ciofu
700 1  ^aScheibel, Pamela
945    ^p3247^l0^i011165
999    ^aประนอม เกษจรัล
รายการนี้ยังไม่มีแท็ก
คุณยังไม่ได้ล็อกอิน คุณสามารถมีกิจกรรมร่วมกับเว็บไซต์ได้ แต่ต้องล็อกอินก่อน ::
  ล็อกอิน

รายการสื่อสารสนเทศ

ลำดับที่ ประเภท เลขเรียก/บาร์โค้ด สถานที่ สถานะ
1. วิทยาศาสตร์การแพทย์ และสุขภาพ
หนังสือสำรอง
สถานะ=หนังสือสำรอง
WB141.5 D133A ฉ.1 
  Barcode: 011165
ห้องสมุดวิทยาเขตสวรรค์ประชารักษ์
►หนังสือทั่วไป
บนชั้น

รายการใกล้เคียง
    ผู้แต่ง [Dains, Joyce E.]

    หัวเรื่อง [Diagnosis, Differential]
    หัวเรื่อง [Diagnostic Techniques and Procedures]
    หัวเรื่อง [Primary Health Care]

BibComment


ยังไม่เคยถูกคอมเมนท์

คอมเมนท์ทรัพยากรรายการนี้
  คอมเมนท์: Advanced health ..


 Copyright 2026. Bcnsprnw @Library